The access of individuals international justice (Registro nro. 183512)
[ vista simple ]
| 000 -ENCABEZADO | |
|---|---|
| Número de control [NR] | 00956 a2200241 4500 |
| 005 - FECHA Y HORA DE LA ÚLTIMA TRANSACCIÓN | |
| control field | 20211105120743.0 |
| 008 - DE LONGITUD FIJA DE DATOS DE ELEMENTOS - INFORMACIÓN GENERAL | |
| Elementos de longitud fija [NR] | 131129s2011 enk fr 001 0 eng c |
| 020 ## - NUMERO INTERNACIONAL NORMALIZADO PARA LIBROS [R] | |
| Número Internacional Normalizado del libro [NR] | 9780199580958 |
| 020 ## - NUMERO INTERNACIONAL NORMALIZADO PARA LIBROS [R] | |
| Número Internacional Normalizado del libro [NR] | 9780199580965 |
| 040 ## - FUENTE DE CATALOGACION [NR] | |
| Agencia de catalogación original [NR] | CO-BoUCM |
| Idioma de catalogación [NR] | spa |
| Quien Cataloga | |
| Quien Clasifica | Diana Londoño |
| 041 00 - CODIGO DE IDIOMA [R] | |
| Código de idioma para texto/pista de sonido o título separado [R] | Inglés |
| 100 1# - ASIENTO PRINCIPAL--NOMBRE PERSONAL [NR] | |
| Nombre personal [NR] | Cançado Trindade, Antônio Augusto |
| ID Autoridad | 51773 |
| 245 14 - MENCION DE TITULO [NR] | |
| Título [NR] | The access of individuals international justice |
| Mención de responsabilidad, etc. [NR] | Antônio Augusto Cançado Trindade |
| 260 ## - PUBLICACION, DISTRIBUCION, ETC. (PIE DE IMPRENTA) [R] | |
| Lugar de publicación, distribución, etc. [R] | Oxford (Inglaterra) |
| -- | Nueva York (Estados Unidos) |
| Nombre del editor, distribuidor, etc. [R] | Oxford University Press |
| Fecha de publicación, distribución, etc. [R] | 2011 |
| 300 ## - DESCRIPCION FISICA [R] | |
| Extensión [R] | xxix, 236 páginas |
| 490 ## - MENCION DE SERIE [R] | |
| Mención de serie [R] | The Collected Courses of the Academy of European Law |
| Designación numérica/secuencial del volumen [NR] | xviii |
| -- | 1 |
| 504 ## - NOTA DE BIBLIOGRAFIA, ETC. [R] | |
| Nota de bibliografía, etc. [NR] | Incluye referencias bibliográficas e índices |
| 650 #7 - ASIENTO SECUNDARIO DE MATERIA - TERMINO TEMATICO [R] | |
| 9 (RLIN) | 7499 |
| Término temático o nombre geográfico como elemento de entrada [NR] | Derechos humanos |
| 650 #7 - ASIENTO SECUNDARIO DE MATERIA - TERMINO TEMATICO [R] | |
| 9 (RLIN) | 8543 |
| Término temático o nombre geográfico como elemento de entrada [NR] | Administración de justicia |
| 690 ## - ASUNTO AGREGADO LOCAL DE ENTRADA - TÉRMINO TEMÁTICO (OCLC, RLIN) | |
| Acceso temático local | Ciencia política |
| 9 (RLIN) | 340 |
| 942 ## - ELEMENTOS DE ENTRADA AGREGADOS (KOHA) | |
| Tema principal | Derecho |
| Tipo de ítem principal el descrito en 300a | Libro |
| Edición | 1 |
| Parte restante de la signatura top. | C215a |
| Sistema de clasificación | DEWEY |
| Clasificación | 341.481 |
| Fecha de último préstamo | Total préstamos | Total Renewals | Signatura topográfica | Código de barras | Última vez visto | Ejemplar | Costo de reposición | Price effective from | Tipo de ítem | Perdido | Sistema de clasificación | Dañado | No prestable | Tipo de ítem específico | Suprimido | Ubicación habitual | Ubicación actual | Localización | Fecha de creación | Proveedor | Forma de adquisición | Costo |
|---|---|---|---|---|---|---|---|---|---|---|---|---|---|---|---|---|---|---|---|---|---|---|
| 17/01/2022 | 3 | 4 | 341.481 C215a | 100138006 | 04/12/2025 | Ej.2 | 92300.00 | 13/11/2013 | Libro | DEWEY | Libro | Claustro | Claustro | 3er piso | 13/11/2013 | 15 | Compra | 92300.00 | ||||
| 341.481 C215a | 100138005 | 04/12/2025 | Ej.1 | 92300.00 | 13/11/2013 | Libro de reserva | DEWEY | Libro de reserva | Claustro | Claustro | 3er piso | 13/11/2013 | 15 | Compra | 92300.00 |